| 000 | 00350 a2200133 4500 | ||
|---|---|---|---|
| 001 | 55367 | ||
| 020 | _a9788497890571 | ||
| 082 | _a813.30820 DOY | ||
| 090 |
_c34352 _d34352 |
||
| 100 | _aAtthur Conan Doyle | ||
| 245 |
_aThe lost world _cAtthur Conan Doyle _hEnglish |
||
| 260 |
_aFrance _bThe Childern's Golden Library _c2004 |
||
| 300 | _a222 p | ||
| 942 |
_aNUST-CAE _k813.30820 DOY |
||
| 999 |
_c290440 _d290440 |
||